La réponse termine par W - Statistiques

Statistiques générales
  • Ce quiz a été pris 333 fois
  • Le résultat moyen est 10 sur 20
Statistiques - réponses
Indices Réponses % Correct
Entretien durant lequel quelqu'un interroge une personne en vue de publier un article Interview
98%
Spectacle de grande ampleur Show
93%
Célèbre pirate de fiction incarné par Johnny Depp Jack Sparrow
90%
Confiserie très appréciée autour des feux de camps pour la faire griller Marshmallow
89%
Danse lente qui se pratique en couple, enlacés, et dont la musique est douce et lente Slow
89%
Petite habitation de plain-pied et ressemblant à des maisons, présente dans les campings Bungalow
85%
Ville portuaire et principale métropole d’Écosse Glasgow
85%
Saga d'horreur cinématographique où les victimes doivent jouer à des jeux pour survivre Saw
73%
Constructeur automobile allemand fondé en 1916 par Gustav Otto et Karl Friedrich Rapp BMW
68%
Série télévisée présentant un archer vert de chez DC Comics Arrow
57%
Prénom de l'acteur ayant succédé à Tobey Maguire dans le rôle de Spider-Man Andrew
51%
Il a trahi les parents de Harry Potter et peut se transformer en rat Peter Pettigrow
50%
Unique Pokemon fabuleux de la première génération Mew
43%
Dans l'industrie du catch, branche rouge de la WWE Raw
20%
Film de 1988 suivi d'une série en 2022 avec Warwick Davis dans le rôle titre Willow
10%
Fils adoptif de Thanos éjecté dans l'espace par Iron Man dans Avengers : Infinity War Ebony Maw
4%
Ville fictive du MCU, cadre de la série WandaVision Westview
4%
Bande dessinée de Ozanam et Jurion décrivant les aventures d'un garçon pouvant se transformer en tigre Klaw
3%
Chanteuse belge considérée par certains médias comme l'Adele ou l'Amy Winehouse belge Typh Barrow
2%
Célèbre écrivain américain spécialisé dans le roman policier Don Winslow
1%
Aucun quiz correspondant
Distribution des résultats
% des personnes avec chaque résultat
Percentile par nombre de réponses
Votre historique - résultats
Vous n’avez pas pris ce quiz